01927cam a22003495a 45000010009000000050017000090080041000260200043000670400038001100500024001480820022001722450093001942600057002873000034003444900044003785000024004225040041004465200660004875900010011476500038011576500035011956500030012306500048012606510010013086530021013186550024013397000035013637000034013989420008014329990017014409520120014571769905020150609125005.0130411t2014 flua frb 001 0 eng d a9781439849149 (hardcover : alk. paper) aDNLM/DLCcDLCdDLCdEG-ScBUEbeng00aQH212.F55bS43 201400a616.0758222bSEC00aSecond harmonic generation imaging /cedited by Francesco S. Pavone, Paul J. Campagnola. aBoca Raton :bCRC Press / Taylor & Francis,cc.2014. axix, 440 p. :bill. ;c26 cm.0 aSeries in cellular and clinical imaging aIndex : p. 427-440. aIncludes bibliographical references. a"Second harmonic generation serves as the basis for a microscope imaging contrast mechanism that visualizes cell and tissue structure and function. This book provides a complete overview of the principles underlying this technique and its current applications, including use in molecular sensing. Covering practical issues related to instrumentation, the text examines which kinds of external labels to use. It also gives detailed reviews of the use of second harmonic generation in biomedical research, from imaging of cancer and skin disorders to self-assembled gels, holographic SHG imaging, and tissue engineering applications"--Provided by publisher. aSAMEH 0aSecond harmonic generation2BUEsh 0aFluorescence microscopy2BUEsh 0aMedical microscopy2BUEsh 0aImage processingxDigital techniques2BUEsh 2BUEsh bENGGENcJune2015 vreading book9342321 aPavone, Francesco S.,eeditor.1 aCampagnola, Paul J.,eeditor. 2ddc c19502d19474 00102ddc40708BaccahaMAINbMAINc1STd2015-06-08epurchasel0o616.0758 SECp000038431r2025-07-15 00:00:00yBB